wave to earth - seasons lyrics - Statistics

General Stats
  • This quiz has been taken 118 times
  • The average score is 94 of 120
Answer Stats
seasons % Correct
intro | verse i
97%
you
95%
be
94%
your
94%
love
92%
can't
91%
for
91%
seasons
89%
all
88%
life
88%
my
88%
i'll
86%
the
85%
if
83%
is
83%
give
82%
pray
82%
to
82%
appart
80%
by
80%
fallin'
80%
no
80%
side
80%
could
79%
one
79%
time
77%
chorus but
76%
disappear
76%
maybe
76%
will
76%
oh
74%
cause
70%
look
70%
afraid
68%
ruin
68%
too
68%
i'm
67%
now
67%
it's
65%
notice
64%
trivial
62%
and
56%
pushing
53%
daisies
52%
bring
50%
away
48%
chances
47%
here
47%
have
45%
far
44%
gone
42%
while
42%
again
39%
leaves
39%
up
38%
withered
36%
grew
33%
hmm
17%
No matching quizzes found
Score Distribution
Percent of People with Each Score
Percentile by Number Answered
Your Score History
You have not taken this quiz